[Event "Mostoles op 11th"]
[Site "Mostoles"]
[Date "2022.07.21"]
[Round "5"]
[White "Castro Uceda, Jose Antonio"]
[Black "Huerta Navarro, Eusebio"]
[Result "0-1"]
[WhiteElo "1440"]
[BlackElo "1652"]
[PlyCount "104"]
[EventDate "2022.07.17"]
[EventType "swiss"]
[EventRounds "9"]
[EventCountry "ESP"]
[SourceTitle "EXT 2024"]
[Source "ChessBase"]
[SourceDate "2023.10.10"]
[SourceVersion "1"]
[SourceVersionDate "2023.10.10"]
[SourceQuality "1"]

1. e4 e5 2. Qh5 Nc6 3. Bc4 Qe7 4. Ne2 Nf6 5. Qf3 d6 6. h3 Be6 7. Bxe6 Qxe6 8. a3 0-0-0 9. d3 d5 10. exd5 Nxd5 11. 0-0 Bd6 12. Nbc3 Nxc3 13. Nxc3 Nd4 14. Qd1 f5 15. Re1 f4 16. Bxf4 Rhf8 17. Bg3 h5 18. f4 Qg6 19. Ne4 exf4 20. Nxd6+ Rxd6 21. Bf2 f3 22. g3 Ne2+ 23. Rxe2 fxe2 24. Qxe2 Re6 25. Qd2 b6 26. Re1 Qf5 27. Rxe6 Qxe6 28. Kh2 Qf6 29. Kg2 Qxb2 30. a4 Qf6 31. Qe3 Qc6+ 32. Qe4 Qxe4+ 33. dxe4 Kd7 34. Bd4 g6 35. g4 hxg4 36. hxg4 Rf4 37. Kg3 Rxe4 38. c3 c5 39. Bf6 Rxa4 40. Kh4 Ke6 41. Bg7 Kf7 42. Bh6 Rc4 43. Bd2 a5 44. Kg3 b5 45. g5 b4 46. cxb4 cxb4 47. Kf3 a4 48. Ke3 b3 49. Kd3 Rc6 50. Bc3 Rxc3+ 51. Kxc3 Ke6 52. Kb2 Kf5 0-1

[Event "Mostoles op 11th"]
[Site "Mostoles"]
[Date "2022.07.17"]
[Round "1"]
[White "Chia, Ervan Fernandes"]
[Black "Castro Uceda, Jose Antonio"]
[Result "1-0"]
[WhiteElo "1875"]
[BlackElo "1440"]
[PlyCount "53"]
[EventDate "2022.07.17"]
[EventType "swiss"]
[EventRounds "9"]
[EventCountry "ESP"]
[SourceTitle "EXT 2024"]
[Source "ChessBase"]
[SourceDate "2023.10.10"]
[SourceVersion "1"]
[SourceVersionDate "2023.10.10"]
[SourceQuality "1"]

1. d4 Nf6 2. Nf3 d5 3. Bf4 Bf5 4. e3 c6 5. Be2 Qb6 6. Qc1 e6 7. Nbd2 Nbd7 8. 0-0 c5 9. c3 Bd6 10. Bxd6 Qxd6 11. Nh4 Ng4 12. g3 Nh6 13. Nxf5 Nxf5 14. Bd3 0-0 15. e4 dxe4 16. Nxe4 Qc6 17. dxc5 Nxc5 18. Nxc5 Qxc5 19. Qf4 Rad8 20. Rad1 Kh8 21. Bc2 Ne7 22. Rxd8 Rxd8 23. Qxf7 e5 24. Rd1 Nd5 25. Bb3 Rf8 26. Rxd5 Rxf7 27. Rxc5 1-0

[Event "Madrid-ch Seniors 65+"]
[Site "Madrid"]
[Date "2022.04.26"]
[Round "6"]
[White "Maseda Iglesias, Luis"]
[Black "Castro Uceda, Jose Antonio"]
[Result "1/2-1/2"]
[WhiteElo "1657"]
[BlackElo "1446"]
[PlyCount "100"]
[EventDate "2022.04.18"]
[EventType "swiss"]
[EventRounds "7"]
[EventCountry "ESP"]
[SourceTitle "EXT 2023"]
[Source "ChessBase"]
[SourceDate "2022.10.05"]
[SourceVersion "1"]
[SourceVersionDate "2022.10.05"]
[SourceQuality "1"]

1. d4 Nf6 2. Nf3 d5 3. e3 c6 4. Bd3 Bg4 5. h3 Bxf3 6. Qxf3 e6 7. Nd2 Bd6 8. 0-0 0-0 9. e4 dxe4 10. Nxe4 Be7 11. Nxf6+ Bxf6 12. Qe4 g6 13. c3 Bg7 14. Bf4 Qb6 15. Rab1 Nd7 16. Rfe1 Nf6 17. Qe2 Nd5 18. Bd2 Rfe8 19. b3 Qc7 20. g3 Qd7 21. Kg2 e5 22. Qf1 exd4 23. cxd4 Bxd4 24. Rxe8+ Rxe8 25. Re1 Bc3 26. Rxe8+ Qxe8 27. Bh6 Qe1 28. Bc1 Qxf1+ 29. Kxf1 f5 30. Ke2 Kg7 31. Bg5 Ba5 32. Bd2 Bxd2 33. Kxd2 Kf6 34. Bb1 Ke5 35. Kd3 b5 36. f4+ Kd6 37. a3 c5 38. Bc2 a5 39. Bd1 b4 40. axb4 cxb4 41. Kd4 Nc3 42. Bf3 Nb1 43. Bd5 Nd2 44. g4 fxg4 45. hxg4 Nb1 46. Bg8 h5 47. f5 hxg4 48. fxg6 g3 49. Bd5 g2 50. Bxg2 Ke7 1/2-1/2

[Event "Madrid-ch Previa-B"]
[Site "Madrid"]
[Date "2022.03.12"]
[Round "5"]
[White "Torres Rebolledo, Marcos"]
[Black "Castro Uceda, Jose Antonio"]
[Result "1-0"]
[WhiteElo "1478"]
[BlackElo "1476"]
[PlyCount "117"]
[EventDate "2022.03.03"]
[EventType "swiss"]
[EventRounds "9"]
[EventCountry "ESP"]
[SourceTitle "EXT 2023"]
[Source "ChessBase"]
[SourceDate "2022.10.05"]
[SourceVersion "1"]
[SourceVersionDate "2022.10.05"]
[SourceQuality "1"]

1. d4 Nf6 2. c4 e5 3. dxe5 Ng4 4. Nf3 Bc5 5. e3 Nc6 6. b3 Ngxe5 7. Nxe5 Nxe5 8. Bb2 d6 9. a3 a5 10. Qd5 Qe7 11. Nc3 0-0 12. Be2 Be6 13. Qd2 c6 14. Ne4 Bf5 15. Nxc5 dxc5 16. 0-0 Rfd8 17. Qc3 f6 18. Rfd1 Rxd1+ 19. Rxd1 b6 20. a4 Rd8 21. Rd2 Rd6 22. Bd1 Qd7 23. Rxd6 Qxd6 24. Bc2 Be6 25. f4 Ng4 26. h3 Nh6 27. Qd3 Qxd3 28. Bxd3 Nf5 29. Kf2 h5 30. g4 hxg4 31. hxg4 Nd6 32. f5 Bd7 33. e4 Nf7 34. Kf3 Ng5+ 35. Kf4 Nh3+ 36. Kg3 Ng5 37. e5 fxe5 38. Bxe5 Nf7 39. Bc7 b5 40. cxb5 cxb5 41. Bxb5 Bc8 42. Bxa5 Nd6 43. Bc6 Ba6 44. Bc7 Nc8 45. Kf4 Bd3 46. Bd7 Ne7 47. Be6+ Kh8 48. Bd6 Nc6 49. Bxc5 Bc2 50. Bd5 Na5 51. b4 Nb3 52. a5 Nc1 53. b5 Nd3+ 54. Ke3 Nxc5 55. b6 Na6 56. Bc4 Nc5 57. Kd4 Nd7 58. Bb5 Nf6 59. b7 1-0

[Event "Madrid Chamartin op 8th"]
[Site "Madrid"]
[Date "2019.09.12"]
[Round "6"]
[White "Castro Uceda, Jose Antonio"]
[Black "Martin Sanchez, Fernando"]
[Result "1-0"]
[WhiteElo "1518"]
[BlackElo "1563"]
[PlyCount "112"]
[EventDate "2019.09.09"]
[EventType "swiss"]
[EventRounds "9"]
[EventCountry "ESP"]
[SourceTitle "CBM 192 Extra"]
[Source "Chessbase"]
[SourceDate "2019.11.06"]
[SourceVersion "1"]
[SourceVersionDate "2019.11.06"]
[SourceQuality "1"]

1. e4 d6 2. d4 Nf6 3. Nc3 e5 4. dxe5 dxe5 5. Qxd8+ Kxd8 6. Bg5 Be6 7. Bxf6+ gxf6 8. 0-0-0+ Nd7 9. Nd5 Kc8 10. Ne2 c6 11. Ndc3 Kc7 12. Ng3 a5 13. a4 Bc5 14. Rd2 Rhb8 15. Bd3 Bf8 16. Kd1 Nc5 17. Ke2 Bh6 18. Rdd1 Nxd3 19. cxd3 b5 20. axb5 cxb5 21. Nf5 Bf8 22. Rc1 Kd7 23. Rhd1 Bb3 24. Re1 a4 25. Nd5 Bxd5 26. exd5 b4 27. Rc6 Rc8 28. Rec1 a3 29. bxa3 bxa3 30. Ne3 Bh6 31. Ra1 Rxc6 32. dxc6+ Kxc6 33. Kd2 Kb5 34. Kc3 Bxe3 35. fxe3 Ka4 36. d4 Rc8+ 37. Kd3 Kb3 38. Rb1+ Ka4 39. Ra1 exd4 40. exd4 Rb8 41. g3 Rb2 42. d5 a2 43. Kc3 Ka3 44. d6 Rb1 45. d7 Rxa1 46. d8Q Rc1+ 47. Kd2 a1Q 48. Qa5+ Kb3 49. Qb5+ Ka2 50. Qa4+ Kb1 51. Qxa1+ Kxa1 52. Kxc1 Ka2 53. Kc2 Ka3 54. Kd3 h5 55. Ke4 h4 56. gxh4 Kb4 1-0

[Event "Madrid-ch Previa-A"]
[Site "Madrid"]
[Date "2019.02.18"]
[Round "7"]
[White "Martinez Miura, Enrique"]
[Black "Castro Uceda, Jose Antonio"]
[Result "1-0"]
[WhiteElo "1673"]
[BlackElo "1518"]
[PlyCount "39"]
[EventDate "2019.02.04"]
[EventType "swiss"]
[EventRounds "9"]
[EventCountry "ESP"]
[SourceTitle "EXT 2021"]
[Source "ChessBase"]
[SourceDate "2020.10.23"]
[SourceVersion "1"]
[SourceVersionDate "2020.10.23"]
[SourceQuality "1"]

1. e4 c5 2. Nc3 e6 3. Nf3 d5 4. exd5 exd5 5. Bb5+ Bd7 6. Bxd7+ Qxd7 7. d4 b6 8. dxc5 Bxc5 9. Qxd5 Qxd5 10. Nxd5 Na6 11. Be3 Rc8 12. c3 Bxe3 13. Nxe3 Nf6 14. 0-0 0-0 15. Rfd1 Rfd8 16. Nd4 Rd7 17. Nb5 Ra8 18. Rxd7 Nxd7 19. Rd1 Nab8 20. Nc7 1-0

[Event "Madrid Chamartin op 7th"]
[Site "Madrid"]
[Date "2018.09.03"]
[Round "1"]
[White "Castro Uceda, Jose Antonio"]
[Black "Bento Iglesias, Pablo"]
[Result "0-1"]
[WhiteElo "1527"]
[BlackElo "1987"]
[PlyCount "86"]
[EventDate "2018.09.03"]
[EventType "swiss"]
[EventRounds "9"]
[EventCountry "ESP"]
[SourceTitle "CBM 187 Extra"]
[Source "ChessBase"]
[SourceDate "2018.11.04"]
[SourceVersion "1"]
[SourceVersionDate "2018.11.04"]
[SourceQuality "1"]

1. e4 e6 2. d4 b6 3. Bd3 Bb7 4. Nf3 c5 5. c3 Nf6 6. Nbd2 Be7 7. 0-0 Nc6 8. Re1 Rc8 9. dxc5 Bxc5 10. h3 d5 11. e5 Nd7 12. Bb5 a6 13. Bxc6 Bxc6 14. Nb3 Ba4 15. Nfd4 Bxb3 16. Nxb3 Qh4 17. Qe2 b5 18. Be3 Be7 19. Bd4 h5 20. Nd2 g5 21. Nf3 Qf4 22. Qe3 Qf5 23. Nd2 g4 24. Qg3 Rg8 25. h4 Nf8 26. Be3 Ng6 27. Bg5 Bxg5 28. hxg5 Nf4 29. Qe3 Rxg5 30. Nf1 h4 31. g3 Nd3 32. Re2 h3 33. Rd1 Nxe5 34. Nh2 Rc4 35. Rd4 Rxd4 36. cxd4 Nc4 37. Qc3 Qb1+ 38. Re1 Qxb2 39. Qd3 Qd2 40. Qb1 Qxd4 41. Qh7 Nd2 42. Rxe6+ fxe6 43. Qh6 Qa1+ 0-1

[Event "Madrid San Viator op-B 30th"]
[Site "Madrid"]
[Date "2018.04.08"]
[Round "1"]
[White "Castro Uceda, Jose Antonio"]
[Black "Campos Calderon, David"]
[Result "1-0"]
[WhiteElo "1617"]
[BlackElo "1353"]
[PlyCount "69"]
[EventDate "2018.04.08"]
[EventType "swiss"]
[EventRounds "9"]
[EventCountry "ESP"]
[SourceTitle "EXT 2019"]
[Source "ChessBase"]
[SourceDate "2018.10.10"]
[SourceVersion "1"]
[SourceVersionDate "2018.10.10"]
[SourceQuality "1"]

1. e4 c5 2. Nf3 d6 3. d4 cxd4 4. Nxd4 Nf6 5. Nc3 a6 6. Be2 e5 7. Nf3 Be6 8. Bg5 Be7 9. Qd2 0-0 10. Rd1 Nbd7 11. 0-0 b5 12. a3 Rb8 13. Rfe1 Qc7 14. h3 Rfc8 15. Bd3 Qb7 16. Nd5 Bxd5 17. exd5 Nc5 18. Bf5 Rc7 19. Bxf6 Bxf6 20. Ng5 h6 21. Ne4 Nxe4 22. Bxe4 Qb6 23. Qe2 a5 24. Qf3 b4 25. axb4 axb4 26. Qf5 Rbc8 27. Re3 Qb5 28. Rde1 Rd8 29. Rg3 Qd7 30. Qxf6 g6 31. Qh4 Kg7 32. Bd3 Rb8 33. Qe4 Qe8 34. f4 exf4 35. Qd4+ 1-0

[Event "Madrid Tajamar Easter op-B"]
[Site "Madrid"]
[Date "2018.03.22"]
[Round "1"]
[White "Castro Uceda, Jose Antonio"]
[Black "Reyero Castro, Jorge"]
[Result "1-0"]
[WhiteElo "1644"]
[BlackElo "1133"]
[PlyCount "53"]
[EventDate "2018.03.22"]
[EventType "swiss"]
[EventRounds "7"]
[EventCountry "ESP"]
[SourceTitle "EXT 2019"]
[Source "ChessBase"]
[SourceDate "2018.10.10"]
[SourceVersion "1"]
[SourceVersionDate "2018.10.10"]
[SourceQuality "1"]

1. e4 e5 2. Nf3 Nc6 3. Bb5 Bc5 4. 0-0 Nge7 5. Nxe5 Nxe5 6. d4 c6 7. dxc5 cxb5 8. Nc3 0-0 9. Nxb5 a6 10. Nd6 b6 11. Bf4 f6 12. Qd4 N5c6 13. Qc4+ Kh8 14. Nf7+ Rxf7 15. Qxf7 bxc5 16. Bd6 Bb7 17. Bxc5 Ng6 18. Qb3 Na5 19. Qe3 Nc4 20. Qd4 Nce5 21. Rad1 Nh4 22. f4 Qe8 23. fxe5 Qg6 24. Qf2 Bxe4 25. Qg3 Qh5 26. Rxd7 Bf5 27. Qxg7# 1-0